Normal view
MARC view
Entry Personal Name
001 - CONTROL NUMBER
- control field: 20409
003 - CONTROL NUMBER IDENTIFIER
- control field: BD-DhEWU
005 - DATE AND TIME OF LATEST TRANSACTION
- control field: 20160726212106.0
008 - FIXED-LENGTH DATA ELEMENTS
- fixed length control field: 160726|| aca||aabn | a|a d
040 ## - CATALOGING SOURCE
- Original cataloging agency: BD-DhEWU
- Transcribing agency: BD-DhEWU
100 ## - HEADING--PERSONAL NAME
- Personal name: Chowdhury, G. G.
- Fuller form of name: (Gobinda G.)
670 ## - SOURCE DATA FOUND
- Source citation: Work cat.: (BD-DhEWU)5015: Chowdhury, G. G. (Gobinda G.), Introduction to digital libraries /, 2003.